[Event "Pattaya op"]
[Site "Pattaya"]
[Date "2019.10.27"]
[Round "6"]
[White "Frederiksen, Erik"]
[Black "Noel, Nicolas"]
[Result "1-0"]
[WhiteElo "1830"]
[BlackElo "1931"]
[PlyCount "101"]
[EventDate "2019.10.23"]
[EventType "swiss"]
[EventRounds "9"]
[EventCountry "THA"]
[SourceTitle "CBM 195 Extra"]
[Source "ChessBase"]
[SourceDate "2020.05.31"]
[SourceVersion "1"]
[SourceVersionDate "2020.05.31"]
[SourceQuality "1"]

1. d4 g6 2. e4 Bg7 3. c4 d6 4. Nc3 Nf6 5. Be2 0-0 6. Nf3 e5 7. d5 a5 8. Bg5 h6 9. Bh4 Na6 10. Nd2 Nc5 11. 0-0 Qe8 12. Qc2 Nh7 13. b3 f5 14. f3 f4 15. a3 g5 16. Bf2 h5 17. b4 Nd7 18. Nb5 Qd8 19. c5 Ndf6 20. cxd6 cxd6 21. Nc7 Rb8 22. Ba7 g4 23. Bxb8 gxf3 24. Nxf3 Ng4 25. Ba7 Rf7 26. Rac1 Ng5 27. Nxg5 Qxg5 28. Ne6 Bxe6 29. dxe6 Rf6 30. e7 Kf7 31. Qc8 Re6 32. e8Q+ Rxe8 33. Rc7+ Re7 34. Bc4+ Kg6 35. Rxe7 Qxe7 36. Qe6+ Qxe6 37. Bxe6 axb4 38. axb4 Bf8 39. h3 Nf6 40. Bf5+ Kg5 41. Rd1 d5 42. h4+ Kxh4 43. exd5 Kg5 44. Bc2 b5 45. Bc5 Bg7 46. d6 Nd7 47. Bd3 e4 48. Bxe4 Be5 49. Bc6 Nxc5 50. bxc5 b4 51. Ba4 1-0

[Event "Bamberg op 2nd"]
[Site "Bamberg"]
[Date "2019.05.29"]
[Round "1"]
[White "Noel, Nicolas"]
[Black "Berghof, Axel"]
[Result "0-1"]
[WhiteElo "1919"]
[BlackElo "2155"]
[PlyCount "92"]
[EventDate "2019.05.29"]
[EventType "swiss"]
[EventRounds "7"]
[EventCountry "GER"]
[SourceTitle "CBM 190 Extra"]
[Source "ChessBase"]
[SourceDate "2019.07.15"]
[SourceVersion "1"]
[SourceVersionDate "2019.07.15"]
[SourceQuality "1"]

1. e4 c6 2. d4 d5 3. e5 g6 4. h3 c5 5. c3 Nc6 6. Nf3 Bg7 7. Bd3 cxd4 8. cxd4 Nh6 9. Nc3 0-0 10. 0-0 Nf5 11. Bc2 Nb4 12. Bb3 e6 13. Bf4 Bd7 14. a3 Na6 15. Rc1 Rc8 16. Qd2 Qb6 17. Ba2 Bb5 18. Rfd1 Nc7 19. Bb1 Bc4 20. g4 Ne7 21. Bh6 Ne8 22. Bxg7 Kxg7 23. Qg5 Nc6 24. Qh4 Qxb2 25. Ng5 h6 26. Nf3 Qxa3 27. Qg3 Qe7 28. Nd2 Nxd4 29. Nxc4 Rxc4 30. Bd3 Rb4 31. f4 Rg8 32. Kh1 Nc6 33. Rg1 Nc7 34. Rce1 Qc5 35. Rc1 Qa5 36. f5 Rb3 37. f6+ Kh7 38. h4 d4 39. Ne2 Qd5+ 40. Kh2 Nxe5 41. Nf4 Rb2+ 42. Kh3 Qd6 43. Be4 Ne8 44. h5 Nxf6 45. Nd3 Nxe4 46. Qxe5 Ng5+ 0-1

[Event "Penang op-B 9th"]
[Site "Penang"]
[Date "2017.12.09"]
[Round "9"]
[White "Noel, Nicolas"]
[Black "Wong, Zhenyong Jayden"]
[Result "0-1"]
[WhiteElo "1533"]
[BlackElo "1688"]
[PlyCount "76"]
[EventDate "2017.12.04"]
[EventType "swiss"]
[EventRounds "9"]
[EventCountry "MAS"]
[SourceTitle "CBM 182 Extra"]
[Source "ChessBase"]
[SourceDate "2018.02.23"]
[SourceVersion "1"]
[SourceVersionDate "2018.02.23"]
[SourceQuality "1"]

1. e4 c5 2. d4 cxd4 3. c3 Nf6 4. e5 Nd5 5. Nf3 e6 6. cxd4 Nc6 7. Nc3 Nxc3 8. bxc3 d6 9. exd6 Bxd6 10. Bd3 e5 11. d5 Ne7 12. 0-0 0-0 13. Bxh7+ Kxh7 14. Ng5+ Kg8 15. f4 f6 16. Ne6 Bxe6 17. dxe6 Bc5+ 18. Kh1 Qxd1 19. Rxd1 Rfd8 20. Bb2 exf4 21. Rd7 Rxd7 22. exd7 Rd8 23. Rd1 Kf7 24. g4 fxg3 25. hxg3 Ke6 26. Kg2 Rxd7 27. Re1+ Kf7 28. Bc1 Rd3 29. c4 Bd6 30. g4 Rg3+ 31. Kf2 Rxg4 32. Kf3 Rxc4 33. Re2 g5 34. Bb2 Rf4+ 35. Ke3 Be5 36. Bc1 Nd5+ 37. Kd3 Rd4+ 38. Kc2 Rc4+ 0-1

[Event "Penang op-B 7th"]
[Site "Penang"]
[Date "2015.12.09"]
[Round "5"]
[White "Noel, Nicolas"]
[Black "Yeoh, Michael"]
[Result "1-0"]
[WhiteElo "1671"]
[BlackElo "1495"]
[PlyCount "121"]
[EventDate "2015.12.07"]
[EventType "swiss"]
[EventRounds "9"]
[EventCountry "MAS"]
[SourceTitle "CBM 170 Extra"]
[Source "ChessBase"]
[SourceDate "2016.02.25"]
[SourceVersion "1"]
[SourceVersionDate "2016.02.25"]
[SourceQuality "1"]

1. e4 c5 2. d4 cxd4 3. c3 dxc3 4. Nxc3 e6 5. Nf3 Bb4 6. Qd4 Bxc3+ 7. Qxc3 Nf6 8. Bg5 h6 9. Bh4 Nc6 10. e5 Nd5 11. Qc5 Qa5+ 12. Qxa5 Nxa5 13. Rc1 Nc6 14. Bc4 Nf4 15. 0-0 Na5 16. Nd4 a6 17. Be2 Nc6 18. Rxc6 bxc6 19. Bc4 Ng6 20. Bg3 0-0 21. f4 Rb8 22. Bb3 Ne7 23. Rd1 Nd5 24. f5 Ne3 25. Rd3 Nxf5 26. Nxf5 exf5 27. e6 Rxb3 28. exf7+ Kxf7 29. Rxb3 d5 30. Rb6 Bd7 31. Rxa6 Ke6 32. a4 Rb8 33. Bxb8 d4 34. Bf4 Kd5 35. Ra7 Be6 36. Rxg7 d3 37. a5 Bc8 38. Bxh6 Kc4 39. Rg8 Ba6 40. Bd2 Kb3 41. Bc3 d2 42. Bxd2 Kxb2 43. Ra8 Bd3 44. a6 c5 45. a7 Be4 46. Rb8+ Kc2 47. Bf4 c4 48. a8Q Bxa8 49. Rxa8 c3 50. h4 Kd3 51. h5 c2 52. h6 Ke4 53. Bc1 Kd3 54. h7 Ke2 55. h8Q Kd1 56. Ba3 c1Q 57. Bxc1 f4 58. Qd4+ Kc2 59. Rc8+ Kb3 60. Qb6+ Ka4 61. Ra8# 1-0